[Event "261st YMCA Summer A"]
[Site "Warsaw"]
[Date "2022.07.07"]
[Round "1"]
[White "Szewczak, Andrzej"]
[Black "Kasperkiewicz, Pawel"]
[Result "0-1"]
[WhiteElo "1694"]
[BlackElo "1881"]
[PlyCount "116"]
[EventDate "2022.06.29"]
[EventType "tourn"]
[EventRounds "1"]
[EventCountry "POL"]
[SourceDate "2022.07.01"]

1. b4 Nf6 2. Bb2 g6 3. c4 Bg7 4. Nf3 O-O 5. e3 d6 6. d4 Nbd7 7. Nc3 e5 8. Qb3
exd4 9. Nxd4 Re8 10. Be2 a5 11. b5 Nc5 12. Qc2 Ne6 13. Nf3 Nc5 14. Nd4 Ne6 15.
O-O Nxd4 16. exd4 Bf5 17. Bd3 Bxd3 18. Qxd3 d5 19. Rad1 Qd7 20. c5 Re7 21. Rfe1
Rae8 22. Rxe7 Rxe7 23. h3 Qe8 24. Kf1 c6 25. bxc6 bxc6 26. Qa6 Bh6 27. Bc1 Bxc1
28. Rxc1 Nh5 29. Qxa5 Nf4 30. Qa6 Qd7 31. Re1 Rxe1+ 32. Kxe1 Nxg2+ 33. Kd2 Nf4
34. Qa8+ Kg7 35. Qb8 Qf5 36. Qe5+ Qxe5 37. dxe5 Ne6 38. Na4 f6 39. Kc3 fxe5 40.
Kb4 g5 41. Ka5 h5 42. Kb6 g4 43. h4 e4 44. Nc3 Kf6 45. a4 Ke5 46. a5 d4 47. Nd1
e3 48. a6 e2 49. Nb2 Nf4 50. a7 e1=Q 51. a8=Q Qb4+ 52. Kxc6 Qxb2 53. Qe8+ Ne6
54. Qxh5+ Kf6 55. Kd6 Qb8+ 56. Kc6 Qc7+ 57. Kb5 Qxc5+ 58. Qxc5 Nxc5 0-1

[Event "261st YMCA Summer A"]
[Site "Warsaw"]
[Date "2022.06.28"]
[Round "1"]
[White "Mazurek, Jerzy"]
[Black "Safanowski, Tomasz"]
[Result "1/2-1/2"]
[WhiteElo "1746"]
[BlackElo "1671"]
[PlyCount "36"]
[EventDate "2022.06.29"]
[EventType "tourn"]
[EventRounds "1"]
[EventCountry "POL"]
[SourceDate "2022.07.01"]

1. e4 e6 2. d4 d5 3. Nc3 Nf6 4. Bg5 Be7 5. e5 Nfd7 6. Bxe7 Qxe7 7. f4 O-O 8.
Nf3 c5 9. Qd2 Nc6 10. O-O-O cxd4 11. Nb5 f6 12. exf6 Nxf6 13. Nbxd4 Ne4 14. Qe3
Bd7 15. Bd3 Nxd4 16. Nxd4 e5 17. fxe5 Qxe5 18. Nf3 Qe7 $11 1/2-1/2

[Event "261st YMCA Summer A"]
[Site "Warsaw"]
[Date "2022.07.08"]
[Round "1"]
[White "Pajak, Jakub"]
[Black "Moskwinski, Marek"]
[Result "1-0"]
[WhiteElo "1897"]
[BlackElo "1856"]
[PlyCount "107"]
[EventDate "2022.06.29"]
[EventType "tourn"]
[EventRounds "1"]
[EventCountry "POL"]
[SourceDate "2022.07.01"]

1. e4 c5 2. Nf3 d6 3. d4 cxd4 4. Nxd4 Nf6 5. Nc3 a6 6. Be3 Ng4 7. Bg5 h6 8. Bh4
g5 9. Bg3 Bg7 10. Be2 Ne5 11. O-O O-O 12. Nf5 Bxf5 13. exf5 Nbd7 14. h4 gxh4
15. Bxh4 Kh7 16. Nd5 Nf6 17. Nxf6+ Bxf6 18. Bxf6 exf6 19. Qd2 Qd7 20. f4 Nc6
21. Rad1 Rad8 22. Qc3 d5 23. Qxf6 Qe7 24. Qxe7 Nxe7 25. f6 Ng8 26. Bf3 Nxf6 27.
Rd4 Rd7 28. Rfd1 Rfd8 29. c4 dxc4 30. Rxd7 Rxd7 31. Rxd7 Nxd7 32. Bxb7 Nc5 33.
Bd5 Nd3 34. Bxc4 Nxb2 35. Bxa6 Na4 36. g3 Kg6 37. Bb5 Nb6 38. Kh2 Kf5 39. a4
Ke4 40. Bc6+ Kd4 41. a5 Nc8 42. Bb7 Na7 43. Kh3 Ke3 44. Kh4 Kf2 45. f5 Nb5 46.
Bd5 f6 47. a6 Ke3 48. Bc6 Na7 49. Bb7 Kd4 50. Kh5 Ke5 51. g4 Nb5 52. Kxh6 Kf4
53. Kg6 Ke5 54. g5 1-0

[Event "261st YMCA Summer A"]
[Site "Warsaw"]
[Date "2022.07.01"]
[Round "1"]
[White "Polak, Michal"]
[Black "Pichurko, Jakub"]
[Result "0-1"]
[WhiteElo "1945"]
[BlackElo "1767"]
[PlyCount "130"]
[EventDate "2022.06.29"]
[EventType "tourn"]
[EventRounds "1"]
[EventCountry "POL"]
[SourceDate "2022.07.01"]

1. e4 Nf6 2. e5 Nd5 3. d4 d6 4. c4 Nb6 5. f4 dxe5 6. fxe5 Bf5 7. Nc3 e6 8. Nf3
Nc6 9. Be3 Be7 10. Be2 O-O 11. O-O Bg4 12. Ne4 Qd7 13. Qd2 Rad8 14. c5 Nd5 15.
Bg5 f6 $11 16. exf6 Nxf6 17. Bxf6 Bxf6 18. Nxf6+ Rxf6 19. Qe3 Nxd4 20. Qxd4
Qxd4+ 21. Nxd4 Rxd4 22. Bxg4 Rxg4 23. Rad1 Rxf1+ 24. Kxf1 Rf4+ 25. Ke1 h6 26.
Rd8+ Rf8 27. Rd7 Rf7 28. Rd8+ Kh7 29. Ra8 a6 30. c6 b6 31. Rxa6 Kg6 32. Ke2 Kf6
33. a4 Ke5 34. Ra8 Kd5 35. Re8 Kxc6 36. Rxe6+ Kd5 37. Re3 Kc4 38. Rg3 Rd7 39.
h4 Kb4 40. b3 c5 41. h5 Rd5 42. Rxg7 Rxh5 43. Rg3 Rg5 44. Rh3 Rxg2+ 45. Kf3 Rb2
46. Ke4 Rxb3 47. Rxh6 Kxa4 48. Kd5 Kb5 49. Rg6 Rd3+ 50. Ke4 c4 51. Rh6 Kc5 52.
Rh1 b5 53. Rh5+ Kb4 54. Rg5 Ka4 55. Rc5 Rd8 56. Ke3 Rd3+ 57. Ke2 Rh3 58. Kd2
Kb4 59. Rg5 Rh2+ 60. Kc1 c3 61. Kb1 Ka4 62. Rg3 Kb3 63. Rg1 b4 64. Ka1 Ra2+ 65.
Kb1 c2+ 0-1

[Event "261st YMCA Summer A"]
[Site "Warsaw"]
[Date "2022.07.06"]
[Round "2"]
[White "Kasperkiewicz, Pawel"]
[Black "Pichurko, Jakub"]
[Result "1/2-1/2"]
[WhiteElo "1881"]
[BlackElo "1767"]
[PlyCount "30"]
[EventDate "2022.06.29"]
[EventType "tourn"]
[EventRounds "1"]
[EventCountry "POL"]
[SourceDate "2022.07.01"]

1. e4 Nf6 2. e5 Nd5 3. d4 d6 4. c4 Nb6 5. exd6 cxd6 6. Nc3 g6 7. a4 a5 8. c5
dxc5 9. Bb5+ N6d7 10. dxc5 Bg7 11. Be3 O-O 12. Nf3 Nc6 13. O-O Nf6 14. h3 Qxd1
15. Rfxd1 Bf5 $11 1/2-1/2

[Event "261st YMCA Summer A"]
[Site "Warsaw"]
[Date "2022.07.07"]
[Round "2"]
[White "Moskwinski, Marek"]
[Black "Polak, Michal"]
[Result "0-1"]
[WhiteElo "1856"]
[BlackElo "1945"]
[PlyCount "152"]
[EventDate "2022.06.29"]
[EventType "tourn"]
[EventRounds "1"]
[EventCountry "POL"]
[SourceDate "2022.07.01"]

1. e4 c5 2. Nf3 Nc6 3. d4 cxd4 4. Nxd4 Nf6 5. Nc3 e5 6. Ndb5 d6 7. Nd5 Nxd5 8.
exd5 Ne7 9. c4 Ng6 10. Bd3 a6 11. Nc3 Be7 12. Be3 O-O 13. Qc2 f5 14. f3 Bh4+
15. g3 Bg5 16. Bxg5 Qxg5 17. Qd2 Qd8 18. O-O-O Bd7 19. Kb1 Qa5 20. b3 b5 21.
Rc1 b4 22. Nd1 Qc7 23. Qc2 Qc5 24. Qf2 Rfc8 25. Qxc5 Rxc5 26. Ne3 Ne7 27. h4 a5
28. Kb2 a4 29. Nc2 a3+ 30. Kb1 Rb8 31. Rhg1 Kf7 32. Rce1 Ng8 33. Ref1 Nf6 34.
Re1 g6 35. Rg2 Rcc8 36. Rf2 Nh5 37. Rg1 f4 38. g4 Nf6 39. Re1 Kg7 40. Ree2 Be8
41. Re1 $11 Nd7 42. Kc1 Nc5 43. Kd2 Bd7 44. Rh2 Re8 45. Rhe2 Kf6 46. Be4 Rg8
47. Rg2 Na6 48. Rh1 Kg7 49. Ne1 Kf7 50. Nd3 h5 51. gxh5 gxh5 52. Rhg1 Rxg2+ 53.
Rxg2 Rg8 54. Rxg8 Kxg8 55. Bg6 Kg7 56. Bxh5 Bf5 57. Bg4 Bxd3 58. Kxd3 Nc5+ 59.
Kc2 Kf6 60. Bh3 $11 e4 61. fxe4 Nxe4 62. Bg4 Nc3 63. h5 Ne4 64. Bf3 Ng5 65. Bg4
Nf7 66. Kd2 Ne5 67. Bd1 Kg5 68. c5 dxc5 69. d6 Kf6 70. Bc2 Ke6 71. h6 Nf7 72.
h7 Kxd6 73. Bg6 Nh8 74. Be4 Ke5 75. Kd3 c4+ 76. bxc4 b3 0-1

[Event "261st YMCA Summer A"]
[Site "Warsaw"]
[Date "2022.07.01"]
[Round "2"]
[White "Safanowski, Tomasz"]
[Black "Pajak, Jakub"]
[Result "1/2-1/2"]
[WhiteElo "1671"]
[BlackElo "1897"]
[PlyCount "37"]
[EventDate "2022.06.29"]
[EventType "tourn"]
[EventRounds "1"]
[EventCountry "POL"]
[SourceDate "2022.07.01"]

1. d4 d5 2. Nf3 e6 3. e3 c6 4. Bd3 Bd6 5. O-O f5 6. c4 Nf6 7. b3 Qe7 8. a4 a5
9. Ba3 Bxa3 10. Nxa3 O-O 11. cxd5 exd5 12. Ne5 Nbd7 13. f4 Ne4 14. Bxe4 fxe4
15. Nc2 Qh4 16. Qe1 Qh5 17. b4 Nxe5 18. dxe5 axb4 19. Qxb4 $11 1/2-1/2

[Event "261st YMCA Summer A"]
[Site "Warsaw"]
[Date "2022.07.01"]
[Round "2"]
[White "Szewczak, Andrzej"]
[Black "Mazurek, Jerzy"]
[Result "0-1"]
[WhiteElo "1694"]
[BlackElo "1746"]
[PlyCount "108"]
[EventDate "2022.06.29"]
[EventType "tourn"]
[EventRounds "1"]
[EventCountry "POL"]
[SourceDate "2022.07.01"]

1. b4 Nf6 2. Bb2 e6 3. a3 d5 4. e3 c5 5. bxc5 Bxc5 6. Nf3 O-O 7. Be2 Nbd7 8.
O-O Nb6 9. a4 Bd7 10. a5 Na4 11. Bxf6 Qxf6 12. c3 b5 13. d4 Bd6 14. Qb3 a6 15.
Nbd2 Rfc8 16. Rfc1 Bc7 17. Qb4 Qd8 18. Nb3 Be8 19. Qa3 Bd6 20. Nc5 Nxc5 21.
dxc5 Rxc5 22. Qb2 Rac8 23. g3 Qc7 24. Nd2 Rxc3 25. Rxc3 Qxc3 26. Qxc3 Rxc3 27.
Nf3 Bd7 28. Nd4 e5 29. Nxb5 Bxb5 30. Bxb5 axb5 31. a6 Rc8 32. a7 Ra8 33. Ra6
Bc5 34. Ra5 Bxa7 35. Rxb5 Rd8 36. Kf1 f6 37. Ke2 d4 38. g4 d3+ 39. Kd2 Rd7 40.
Rb3 Kf7 41. h4 Kg6 42. Rb4 h5 43. gxh5+ Kxh5 44. Re4 Bb8 45. f3 Bc7 46. Ra4 f5
47. Ra6 Kxh4 48. Rg6 Ba5+ 49. Kd1 Rb7 50. Kc1 d2+ 51. Kc2 Rc7+ 52. Kb2 d1=Q 53.
e4 Qc2+ 54. Ka3 Rc3# 0-1

[Event "261st YMCA Summer A"]
[Site "Warsaw"]
[Date "2022.07.22"]
[Round "3"]
[White "Mazurek, Jerzy"]
[Black "Kasperkiewicz, Pawel"]
[Result "0-1"]
[WhiteElo "1746"]
[BlackElo "1881"]
[PlyCount "78"]
[EventDate "2022.06.29"]
[EventType "tourn"]
[EventRounds "1"]
[EventCountry "POL"]
[SourceDate "2022.07.01"]

1. e4 e5 2. Nf3 Nc6 3. Bb5 a6 4. Ba4 Nf6 5. O-O Be7 6. Re1 b5 7. Bb3 O-O 8. a4
b4 9. d4 d6 10. dxe5 Nxe5 11. Nxe5 dxe5 12. Qe2 Bb7 13. Rd1 Bd6 14. f3 Nd7 15.
a5 Qe7 16. Be3 Nc5 17. Bc4 Ne6 18. Bxe6 Qxe6 19. Nd2 Qe7 20. Qc4 Bc8 21. Nb3
Be6 22. Qe2 g6 23. Qf2 f5 24. exf5 gxf5 25. Bh6 Rf7 26. Qg3+ Kh8 27. Bg5 Qf8
28. Qh4 Qg7 29. Bh6 Qg6 30. Qg5 Rg8 31. Qxg6 Rxg6 32. Be3 f4 33. Bc5 Bh3 34.
Bxd6 cxd6 35. Rd2 Rfg7 36. g3 fxg3 37. Rad1 gxh2+ 38. Kxh2 Rh6 39. Rxd6 Be6#
0-1

[Event "261st YMCA Summer A"]
[Site "Warsaw"]
[Date "2022.07.06"]
[Round "3"]
[White "Pajak, Jakub"]
[Black "Szewczak, Andrzej"]
[Result "0-1"]
[WhiteElo "1897"]
[BlackElo "1694"]
[PlyCount "150"]
[EventDate "2022.06.29"]
[EventType "tourn"]
[EventRounds "1"]
[EventCountry "POL"]
[SourceDate "2022.07.01"]

1. e4 e5 2. Nf3 Nc6 3. Bc4 Bc5 4. c3 Qe7 5. d4 exd4 6. O-O Ne5 7. Nxe5 Qxe5 8.
b4 Bb6 9. Bb2 Qe7 10. cxd4 Qxb4 11. Qe2 Qe7 12. Nc3 c6 13. d5 d6 14. dxc6 bxc6
15. Nd5 Qg5 16. Nxb6 axb6 17. Rad1 Ne7 18. Rxd6 O-O 19. Rd3 Ng6 20. Rg3 Qf4 21.
Qc2 Kh8 22. Qc3 f6 23. Ba3 Rd8 24. Bf7 Ne5 25. Bc1 Qxe4 26. Re3 Qf5 27. Bb3 Ba6
28. Bc2 Bd3 29. f4 Rxa2 30. Bxd3 Nxd3 31. Qxc6 Qc5 32. Qxc5 bxc5 33. Rd1 c4 34.
Re4 Rc8 35. Be3 Nb2 36. Rc1 h6 37. g3 f5 38. Rd4 Re8 39. Bd2 Nd3 40. Rd1 Re2
41. Rxc4 Raxd2 42. Rxd2 Rxd2 43. Ra4 Ne1 44. Ra3 Kh7 45. h3 Nc2 46. Rc3 Nd4 47.
Ra3 Kg6 48. Ra5 h5 49. Ra6+ Kf7 50. Ra7+ Kf6 51. Ra8 h4 52. gxh4 Ne6 53. Ra6 g6
54. Rb6 Rd4 55. Kg2 Rxf4 56. Kg3 Rc4 57. h5 g5 58. Ra6 Rh4 59. Ra8 Rxh5 60. Ra6
Rh4 61. Ra5 Rc4 62. Ra6 Rc3+ 63. Kg2 Ke5 64. Ra5+ Nc5 65. Ra8 Ne4 66. Ra5+ Kf4
67. Ra4 Rc2+ 68. Kf1 Kf3 69. Ra3+ Nc3 70. Kg1 Kg3 71. Ra1 f4 72. Kf1 f3 73. Kg1
Rf2 74. h4 Ne2+ 75. Kh1 Rh2# 0-1

[Event "261st YMCA Summer A"]
[Site "Warsaw"]
[Date "2022.07.27"]
[Round "3"]
[White "Polak, Michal"]
[Black "Safanowski, Tomasz"]
[Result "1-0"]
[WhiteElo "1945"]
[BlackElo "1671"]
[PlyCount "69"]
[EventDate "2022.06.29"]
[EventType "tourn"]
[EventRounds "1"]
[EventCountry "POL"]
[SourceDate "2022.07.01"]

1. e4 e6 2. d4 d5 3. Nc3 Nf6 4. Bg5 Be7 5. e5 Nfd7 6. h4 b6 7. Qg4 f5 8. Qh5+
g6 9. Qh6 Bxg5 10. hxg5 Qe7 11. Nh3 c6 12. Nf4 Nf8 13. O-O-O a5 14. g4 fxg4 15.
Be2 Qf7 16. Kb1 Ba6 17. Nd3 Nbd7 18. Qh4 O-O-O 19. Qxg4 Rg8 20. Rh3 Rg7 21. Na4
Qe7 22. Ndc5 Bxe2 23. Qxe2 Nxc5 24. Nxb6+ Kc7 25. dxc5 Qxc5 26. Rb3 Rb8 27. Qa6
Qxb6 28. Rxb6 Rxb6 29. Qa7+ Rb7 30. Qc5 Rf7 31. Qd6+ Kb6 32. Rd3 Rxf2 33. a4
Rf1+ 34. Ka2 Rf4 35. Rc3 1-0

[Event "261st YMCA Summer A"]
[Site "Warsaw"]
[Date "2022.06.29"]
[Round "3"]
[White "Pichurko, Jakub"]
[Black "Moskwinski, Marek"]
[Result "1/2-1/2"]
[WhiteElo "1767"]
[BlackElo "1856"]
[PlyCount "23"]
[EventDate "2022.06.29"]
[EventType "tourn"]
[EventRounds "1"]
[EventCountry "POL"]
[SourceDate "2022.07.01"]

1. d4 Nf6 2. Nf3 d5 3. e3 e6 4. Bd3 c5 5. b3 Nc6 6. Bb2 Bd6 7. O-O O-O 8. Ne5
Qc7 9. f4 Nb4 10. Nd2 cxd4 11. Bxd4 Bd7 12. Rf3 $11 1/2-1/2

[Event "261st YMCA Summer A"]
[Site "Warsaw"]
[Date "2022.07.13"]
[Round "4"]
[White "Kasperkiewicz, Pawel"]
[Black "Moskwinski, Marek"]
[Result "1/2-1/2"]
[WhiteElo "1881"]
[BlackElo "1856"]
[PlyCount "40"]
[EventDate "2022.06.29"]
[EventType "tourn"]
[EventRounds "1"]
[EventCountry "POL"]
[SourceDate "2022.07.01"]

1. e4 c5 2. Nf3 a6 3. c3 d5 4. exd5 Qxd5 5. d4 e6 6. Bd3 Nf6 7. O-O Bd7 8. Be3
cxd4 9. cxd4 Bc6 10. Nc3 Qh5 11. Ne5 Qxd1 12. Rfxd1 Be7 13. Bf1 O-O 14. Nxc6
Nxc6 15. d5 Nxd5 16. Nxd5 exd5 17. Rxd5 Rfd8 18. Rad1 Rxd5 19. Rxd5 Rd8 20.
Rxd8+ Bxd8 $11 1/2-1/2

[Event "261st YMCA Summer A"]
[Site "Warsaw"]
[Date "2022.07.04"]
[Round "4"]
[White "Safanowski, Tomasz"]
[Black "Pichurko, Jakub"]
[Result "1/2-1/2"]
[WhiteElo "1671"]
[BlackElo "1767"]
[PlyCount "30"]
[EventDate "2022.06.29"]
[EventType "tourn"]
[EventRounds "1"]
[EventCountry "POL"]
[SourceDate "2022.07.01"]

1. Nf3 d5 2. e3 Nf6 3. d4 Bf5 4. c4 c6 5. Nc3 e6 6. cxd5 exd5 7. Be2 h6 8. O-O
Bd6 9. Ne5 O-O 10. f4 Ne4 11. Nxe4 Bxe4 12. Bd3 Bxd3 13. Qxd3 Nd7 14. Bd2 Nf6
15. Qb3 Qb6 $11 1/2-1/2

[Event "261st YMCA Summer A"]
[Site "Warsaw"]
[Date "2022.07.04"]
[Round "4"]
[White "Szewczak, Andrzej"]
[Black "Polak, Michal"]
[Result "0-1"]
[WhiteElo "1694"]
[BlackElo "1945"]
[PlyCount "124"]
[EventDate "2022.06.29"]
[EventType "tourn"]
[EventRounds "1"]
[EventCountry "POL"]
[SourceDate "2022.07.01"]

1. b4 e5 2. Bb2 Bxb4 3. Bxe5 f6 4. Bb2 d5 5. e3 c5 6. Nf3 Nc6 7. Be2 Nge7 8.
O-O O-O 9. c4 d4 10. exd4 Nxd4 11. Nxd4 cxd4 12. Qb3 Bc5 13. d3 Ng6 14. Re1 Re8
15. Na3 Ne5 16. Nc2 a5 17. a4 Bd7 18. h3 Bc6 19. Bf1 f5 20. Ba3 Bxa3 21. Qxa3
Nf3+ 22. Kh1 Nxe1 23. Nxe1 Qh4 24. Kg1 Re6 25. g3 Qf6 26. Ng2 g5 27. h4 h6 28.
Qb2 f4 29. Re1 Rae8 30. Rxe6 Rxe6 31. hxg5 hxg5 32. Qd2 Qe5 33. gxf4 gxf4 34.
Qxf4 Qxf4 35. Nxf4 Re1 36. Ne2 Bxa4 37. Nxd4 Bc6 38. f4 a4 39. Kf2 Rb1 40. Bh3
a3 41. Be6+ Kf8 42. c5 a2 43. Bxa2 Rb2+ 44. Ke3 Rxa2 45. f5 Kf7 46. Kf4 Ra4 47.
Ke5 Rxd4 48. Kxd4 Kf6 49. Kc4 Kxf5 50. d4 Ke4 51. Kc3 Kd5 52. Kd3 Bb5+ 53. Kc3
Bf1 54. Kb4 Kxd4 55. Ka5 Kxc5 56. Ka4 Kc4 57. Ka3 b5 58. Kb2 Kb4 59. Ka2 Kc3
60. Ka3 b4+ 61. Ka2 b3+ 62. Ka1 b2+ 0-1

[Event "261st YMCA Summer A"]
[Site "Warsaw"]
[Date "2022.07.04"]
[Round "4"]
[White "Mazurek, Jerzy"]
[Black "Pajak, Jakub"]
[Result "0-1"]
[WhiteElo "1746"]
[BlackElo "1897"]
[PlyCount "106"]
[EventDate "2022.06.29"]
[EventType "tourn"]
[EventRounds "1"]
[EventCountry "POL"]
[SourceDate "2022.07.01"]

1. c4 c6 2. Nf3 d5 3. d4 e6 4. Qc2 Nf6 5. Bg5 Be7 6. e3 Nbd7 7. Nc3 h6 8. Bf4
O-O 9. h3 dxc4 10. Bxc4 Nb6 11. Bb3 Nbd5 12. Bh2 b6 13. O-O Nb4 14. Qb1 Bd6 15.
Ne5 Qc7 16. a3 Nbd5 17. Rc1 Nxc3 18. Rxc3 Bb7 19. Bd1 Nd7 20. Nf3 Bxh2+ 21.
Nxh2 Qd6 22. b4 e5 23. dxe5 Qxe5 24. Qc1 c5 25. Bf3 Bxf3 26. Nxf3 Qf6 27. Ra2
Qe6 28. Rac2 Rfd8 29. bxc5 Nxc5 30. Nd4 Qg6 31. Qf1 Rd5 32. Qe2 Re8 33. Qf3 Rd6
34. Qf5 Rxd4 35. Qf3 Rd3 36. Rc4 Rxa3 37. Rc1 Ra4 38. Rxa4 Nxa4 39. Ra1 b5 40.
Qb7 Qb6 41. Qd7 Rd8 42. Qf5 Qf6 43. Qb1 Qb2 44. Qxb2 Nxb2 45. Rxa7 Rd1+ 46. Kh2
b4 47. Rb7 Nd3 48. Kg3 Rb1 49. Kf3 b3 50. Ke2 Nc5 51. Rb8+ Kh7 52. f3 Rb2+ 53.
Kf1 Rc2 0-1

[Event "261st YMCA Summer A"]
[Site "Warsaw"]
[Date "2022.07.27"]
[Round "5"]
[White "Pajak, Jakub"]
[Black "Kasperkiewicz, Pawel"]
[Result "1/2-1/2"]
[WhiteElo "1897"]
[BlackElo "1881"]
[PlyCount "34"]
[EventDate "2022.06.29"]
[EventType "tourn"]
[EventRounds "1"]
[EventCountry "POL"]
[SourceDate "2022.07.01"]

1. d4 e6 2. Nc3 d5 3. e4 Nf6 4. Bg5 dxe4 5. Nxe4 Be7 6. Nxf6+ Bxf6 7. Bxf6 Qxf6
8. c3 O-O 9. Qf3 Nd7 10. Bd3 c5 11. Qxf6 gxf6 12. Ne2 Rd8 13. O-O-O cxd4 14.
Nxd4 Nc5 15. Bc2 Bd7 16. Nb3 Nxb3+ 17. Bxb3 Bc6 $11 1/2-1/2

[Event "261st YMCA Summer A"]
[Site "Warsaw"]
[Date "2022.07.26"]
[Round "5"]
[White "Polak, Michal"]
[Black "Mazurek, Jerzy"]
[Result "1-0"]
[WhiteElo "1945"]
[BlackElo "1746"]
[PlyCount "69"]
[EventDate "2022.06.29"]
[EventType "tourn"]
[EventRounds "1"]
[EventCountry "POL"]
[SourceDate "2022.07.01"]

1. e4 c5 2. Nf3 Nc6 3. d4 cxd4 4. Nxd4 Nf6 5. Nc3 d6 6. Bg5 e6 7. Qd2 a6 8.
O-O-O Bd7 9. Kb1 Be7 10. f4 Nxd4 11. Qxd4 Bc6 12. e5 dxe5 13. Qxe5 Qb8 14. Qe1
O-O 15. Bd3 Re8 16. Qh4 h6 17. Rhe1 Bf8 18. Bxf6 gxf6 19. Qxf6 Bg7 20. Qh4 Qc7
21. Re3 Qe7 22. Qh5 Qf6 23. g4 Bb5 24. g5 Qxf4 25. Rf3 Qxg5 26. Qxf7+ Kh8 27.
Nxb5 Rf8 28. Qxb7 Qe5 29. Rxf8+ Rxf8 30. Nc7 Rf7 31. Bg6 Qxc7 32. Qxc7 Rxc7 33.
Rd8+ Bf8 34. Rxf8+ Kg7 35. Re8 1-0

[Event "261st YMCA Summer A"]
[Site "Warsaw"]
[Date "2022.07.13"]
[Round "5"]
[White "Pichurko, Jakub"]
[Black "Szewczak, Andrzej"]
[Result "0-1"]
[WhiteElo "1767"]
[BlackElo "1694"]
[PlyCount "76"]
[EventDate "2022.06.29"]
[EventType "tourn"]
[EventRounds "1"]
[EventCountry "POL"]
[SourceDate "2022.07.01"]

1. d4 b5 2. Bf4 Bb7 3. e3 a6 4. Nf3 e6 5. Bd3 Nf6 6. Nbd2 d5 7. O-O c5 8. c3
Nbd7 9. Re1 c4 10. Bc2 Ne4 11. h3 f5 12. Ne5 Ndf6 13. a4 Be7 14. f3 Nxd2 15.
Qxd2 O-O 16. Ra2 b4 17. cxb4 Qb6 18. Qf2 Bxb4 19. Rb1 a5 20. b3 Rac8 21. bxc4
dxc4 22. Qe2 Nd5 23. Nd7 Nxf4 24. Qf2 Qd6 25. Nxf8 Nd5 26. Rf1 Rxf8 27. Raa1
Bc6 28. g4 Bc3 29. Rad1 f4 30. Qh4 g6 31. Qh6 Be8 32. Rb1 Bb4 33. Be4 Nxe3 34.
Rfd1 Nxd1 35. Rxd1 e5 36. d5 Bxa4 37. Ra1 Bb3 38. h4 Rf7 0-1

[Event "261st YMCA Summer A"]
[Site "Warsaw"]
[Date "2022.07.22"]
[Round "5"]
[White "Moskwinski, Marek"]
[Black "Safanowski, Tomasz"]
[Result "1/2-1/2"]
[WhiteElo "1856"]
[BlackElo "1671"]
[PlyCount "22"]
[EventDate "2022.06.29"]
[EventType "tourn"]
[EventRounds "1"]
[EventCountry "POL"]
[SourceDate "2022.07.01"]

1. b4 d5 2. Bb2 Nf6 3. Nf3 Bf5 4. e3 e6 5. a3 Bd6 6. c4 c6 7. Be2 Nbd7 8. O-O
O-O 9. d3 e5 10. Nc3 Qe7 11. cxd5 Nxd5 $11 1/2-1/2

[Event "261st YMCA Summer A"]
[Site "Warsaw"]
[Date "2022.07.29"]
[Round "6"]
[White "Kasperkiewicz, Pawel"]
[Black "Safanowski, Tomasz"]
[Result "1-0"]
[WhiteElo "1881"]
[BlackElo "1671"]
[PlyCount "93"]
[EventDate "2022.06.29"]
[EventType "tourn"]
[EventRounds "1"]
[EventCountry "POL"]
[SourceDate "2022.07.01"]

1. e4 e6 2. d4 d5 3. Nd2 Nf6 4. e5 Nfd7 5. Bd3 b6 6. Ne2 Ba6 7. Bxa6 Nxa6 8.
O-O c5 9. c3 Be7 10. Nf4 Rc8 11. Qe2 Nc7 12. Nf3 b5 13. Nh5 O-O 14. Be3 b4 15.
cxb4 cxd4 16. Bxd4 a6 17. a3 Nb5 18. Be3 g6 19. Nf4 d4 20. Nxd4 Nxe5 21. Nxb5
axb5 22. Qxb5 Nc4 23. Rfd1 Bd6 24. Bc5 Qc7 25. Bxd6 Nxd6 26. Qc5 Nc4 27. Qxc7
Rxc7 28. Rac1 Rfc8 29. Rc2 Nb6 30. Rxc7 Rxc7 31. g3 Rc2 32. Nd3 e5 33. Nxe5
Rxb2 34. Rd3 Ra2 35. Kg2 Kg7 36. Kf3 f6 37. Ng4 Kf7 38. Ne3 Ke6 39. h4 h6 40.
g4 Ke5 41. Rc3 Na4 42. Rb3 Nb6 43. Rd3 f5 44. gxf5 gxf5 45. Rc3 f4 46. Rc5+ Kd6
47. Nf5+ 1-0

[Event "261st YMCA Summer A"]
[Site "Warsaw"]
[Date "2022.07.12"]
[Round "6"]
[White "Szewczak, Andrzej"]
[Black "Moskwinski, Marek"]
[Result "0-1"]
[WhiteElo "1694"]
[BlackElo "1856"]
[PlyCount "146"]
[EventDate "2022.06.29"]
[EventType "tourn"]
[EventRounds "1"]
[EventCountry "POL"]
[SourceDate "2022.07.01"]

1. b4 e5 2. Bb2 Bxb4 3. Bxe5 Nf6 4. e3 O-O 5. Nf3 d5 6. Be2 c5 7. O-O Nc6 8.
Bb2 Re8 9. d3 Qe7 10. c4 dxc4 11. dxc4 Be6 12. Qc2 Rad8 13. a3 Ba5 14. Nc3 Bc7
15. h3 Bc8 16. Rfd1 Ne5 17. Nh2 Rxd1+ 18. Rxd1 b6 19. f4 Ng6 20. Bc1 Bb7 21.
Bf3 Bxf3 22. Nxf3 Rd8 23. Rxd8+ Qxd8 24. g4 Qd7 25. Kf2 Qe6 26. Qd3 Qd6 27. Ne1
Ne7 28. Qxd6 Bxd6 29. e4 Bb8 30. e5 Ne8 31. Nd3 Nc6 32. Ke3 Na5 33. Nb2 Nb3 34.
Ne2 g5 35. Ke4 Nxc1 36. Nxc1 gxf4 37. Ncd3 f6 38. e6 Kf8 39. Nxf4 Bxf4 40. Kxf4
Ke7 41. Nd1 Kxe6 42. Ne3 Nd6 43. a4 Nf7 44. h4 Ne5 45. Ke4 h6 46. h5 a6 47. Kf4
Nd3+ 48. Ke4 Nb2 49. Nf5 Nxa4 50. Nxh6 Nb2 51. Nf5 Nxc4 52. h6 Ne5 53. Ng7+ Kf7
54. g5 Nd7 55. Kf5 fxg5 56. Ne6 Nf8 57. Nxg5+ Kg8 58. Ke5 a5 59. Kd5 a4 60. Kc4
b5+ 61. Kc3 b4+ 62. Kb2 a3+ 63. Ka2 Nd7 64. h7+ Kh8 65. Kb3 c4+ 66. Ka2 c3 67.
Kb1 b3 68. Nf7+ Kxh7 69. Ng5+ Kg6 70. Nh3 c2+ 71. Kc1 a2 72. Nf4+ Kf5 73. Kb2
a1=Q+ 0-1

[Event "261st YMCA Summer A"]
[Site "Warsaw"]
[Date "2022.07.29"]
[Round "6"]
[White "Mazurek, Jerzy"]
[Black "Pichurko, Jakub"]
[Result "1-0"]
[WhiteElo "1746"]
[BlackElo "1767"]
[PlyCount "67"]
[EventDate "2022.06.29"]
[EventType "tourn"]
[EventRounds "1"]
[EventCountry "POL"]
[SourceDate "2022.07.01"]

1. c4 c6 2. Nf3 d5 3. d4 Nf6 4. Qb3 g6 5. Nc3 Bg7 6. cxd5 cxd5 7. Bg5 e6 8. e3
O-O 9. Bd3 b6 10. h3 Bb7 11. O-O Nc6 12. Rfc1 Qd6 13. a3 Na5 14. Qd1 a6 $11 15.
Bf4 Qd8 16. Na4 Bc6 17. Ne5 Bxa4 18. Qxa4 b5 19. Qb4 Nh5 20. Bh2 Bxe5 21. Bxe5
Nc4 22. Bh2 Rc8 23. b3 Nb6 24. a4 bxa4 25. Rxc8 Nxc8 26. Rxa4 Nf6 27. Rxa6 Ne4
28. f3 Nf6 29. Qc5 Nd7 30. Qc7 Qe7 31. Bf4 Re8 32. Bb5 Rd8 33. Ra8 Qe8 34. Bg5
1-0

[Event "261st YMCA Summer A"]
[Site "Warsaw"]
[Date "2022.07.28"]
[Round "7"]
[White "Polak, Michal"]
[Black "Kasperkiewicz, Pawel"]
[Result "1-0"]
[WhiteElo "1945"]
[BlackElo "1881"]
[PlyCount "91"]
[EventDate "2022.06.29"]
[EventType "tourn"]
[EventRounds "1"]
[EventCountry "POL"]
[SourceDate "2022.07.01"]

1. d4 e6 2. c4 b6 3. e4 Bb7 4. Nc3 Bb4 5. Qc2 Qh4 6. Bd3 f5 7. g3 Qh5 8. f3 Nc6
9. Be3 fxe4 10. fxe4 O-O-O 11. Nge2 Qf3 12. Kd2 Nge7 13. Raf1 Qh5 14. a3 Bxc3+
15. Qxc3 Rdf8 16. Nf4 Qe8 17. d5 Nd8 18. c5 exd5 19. cxb6 axb6 20. Bxb6 Ndc6
21. exd5 cxb6 22. dxc6 Nxc6 23. Re1 Qf7 24. Rhf1 Qf6 25. Qxf6 Rxf6 26. Nd5 Rxf1
27. Rxf1 Ne5 28. Rc1+ Bc6 29. Nxb6+ Kb7 30. Nc4 Nxd3 31. Kxd3 Rf8 32. Na5+ Kb6
33. Nxc6 dxc6 34. Rc2 Rf5 35. Ke4 Rd5 36. Rf2 Rh5 37. h4 Rh6 38. Rf5 Rd6 39.
Rf7 Rd2 40. Rxg7 Rxb2 41. Rxh7 Rb3 42. Rg7 Rxa3 43. h5 Ra1 44. h6 Rh1 45. h7 c5
46. g4 1-0